[Event "Pozarevac Rudar 18th"]
[Site "Pozarevac"]
[Date "2023.11.08"]
[Round "2"]
[White "Besedes, Danilo"]
[Black "Zlatanovic, Boroljub"]
[Result "1/2-1/2"]
[WhiteElo "2277"]
[BlackElo "2317"]
[PlyCount "95"]
[EventDate "2023.11.07"]
[EventType "schev"]
[EventRounds "8"]
[EventCountry "SRB"]
[SourceTitle "CB46_2023"]
[SourceDate "2023.11.15"]
[SourceVersion "1"]
[SourceVersionDate "2023.11.15"]
[SourceQuality "1"]
[WhiteTeam "Team C"]
[BlackTeam "Team A"]
[WhiteTeamCountry "SRB"]
[BlackTeamCountry "SRB"]

1. d4 g6 2. Nf3 Bg7 3. g3 Nf6 4. Bg2 0-0 5. 0-0 d6 6. c4 Nc6 7. Nc3 e5 8. dxe5 Nxe5 9. b3 Nxf3+ 10. Bxf3 Re8 11. Bb2 Bh3 12. Re1 c6 13. Qd2 Re6 14. Rad1 Qa5 15. Na4 Qf5 16. Qd3 Rae8 17. Qxf5 Bxf5 18. Ba3 Be4 19. Rf1 Bxf3 20. exf3 d5 21. Nc5 R6e7 22. cxd5 Nxd5 23. Ne4 Re6 24. Rd3 Bf8 25. Bxf8 Kxf8 26. a3 f5 27. Nc5 R6e7 28. b4 Nf6 29. Kg2 Kf7 30. Rc1 Rc7 31. Rd6 Re2 32. Kf1 Ra2 33. a4 Re7 34. Re1 Rxe1+ 35. Kxe1 b6 36. Nd3 Rxa4 37. Rxc6 Nd5 38. Rd6 Ra1+ 39. Ke2 Ra2+ 40. Ke1 Ra1+ 41. Ke2 Ra2+ 42. Ke1 Nc3 43. Rc6 Nb5 44. f4 Ra1+ 45. Kd2 Ra2+ 46. Ke1 Ra1+ 47. Kd2 Ra2+ 48. Ke1 1/2-1/2

[Event "Pozarevac Rudar 8th"]
[Site "Pozarevac"]
[Date "2022.12.26"]
[Round "8"]
[White "Pajcin, Lav"]
[Black "Zlatanovic, Boroljub"]
[Result "0-1"]
[WhiteElo "2183"]
[BlackElo "2318"]
[PlyCount "140"]
[EventDate "2022.12.20"]
[EventType "tourn"]
[EventRounds "9"]
[EventCountry "SRB"]
[SourceTitle "CBM 212 Extra"]
[Source "ChessBase"]
[SourceDate "2023.03.31"]
[SourceVersion "1"]
[SourceVersionDate "2023.03.31"]
[SourceQuality "1"]

1. d4 c5 2. d5 e5 3. c4 d6 4. e4 Be7 5. Nf3 Bg4 6. Nc3 a6 7. Be2 Nd7 8. 0-0 Bxf3 9. Bxf3 Bg5 10. Bg4 Bxc1 11. Qxc1 Ngf6 12. Bxd7+ Nxd7 13. f4 exf4 14. Qxf4 Ne5 15. b3 0-0 16. Qg3 Qd7 17. Nd1 Qg4 18. Qe3 b5 19. cxb5 axb5 20. Nc3 b4 21. Ne2 f5 22. Nf4 g5 23. Ne6 f4 24. Qd2 Rf7 25. h3 Qg3 26. Qf2 h6 27. Qxg3 fxg3 28. Rxf7 Kxf7 29. Kf1 Kg6 30. Ke2 h5 31. Nc7 Rb8 32. Rf1 h4 33. Ne6 Ra8 34. Ra1 Ra7 35. Nf8+ Kh6 36. Ne6 Rf7 37. Rf1 Rxf1 38. Kxf1 g4 39. hxg4 Nxg4 40. Nd8 Ne3+ 41. Kg1 Kg6 42. Nb7 c4 43. bxc4 Nxc4 44. e5 Nxe5 45. Nxd6 Nd3 46. Nc4 Kf6 47. Kf1 Kf5 48. d6 Ke6 49. Ne3 Nc1 50. Nf5 Nxa2 51. Ke1 Nc3 52. Nxh4 b3 53. Nf3 b2 54. Nd2 Kd7 55. Kf1 Kc8 56. Ke1 Kd8 57. Kf1 Kd7 58. Ke1 Kc6 59. Kf1 Ne4 60. Nb1 Nxd6 61. Ke2 Nc4 62. Kd3 Kb5 63. Kc2 Kb4 64. Nc3 Ka3 65. Nb1+ Ka2 66. Nc3+ Ka1 67. Kd3 Nb6 68. Kc2 Nd5 69. Nxd5 b1Q+ 70. Kc3 Qe4 0-1

[Event "Pozarevac Rudar 8th"]
[Site "Pozarevac"]
[Date "2022.12.24"]
[Round "5"]
[White "Ivanov, Mikhail M"]
[Black "Zlatanovic, Boroljub"]
[Result "1-0"]
[WhiteElo "2334"]
[BlackElo "2318"]
[PlyCount "81"]
[EventDate "2022.12.20"]
[EventType "tourn"]
[EventRounds "9"]
[EventCountry "SRB"]
[SourceTitle "CBM 212 Extra"]
[Source "ChessBase"]
[SourceDate "2023.03.31"]
[SourceVersion "1"]
[SourceVersionDate "2023.03.31"]
[SourceQuality "1"]

1. d4 g6 2. e4 c6 3. h4 h5 4. Nc3 d5 5. Be3 Bg7 6. Qd2 Nh6 7. 0-0-0 Qa5 8. f3 dxe4 9. fxe4 Ng4 10. Bg5 0-0 11. Nf3 b5 12. a3 e5 13. dxe5 Re8 14. Kb1 Nd7 15. Nxb5 Qxd2 16. Rxd2 cxb5 17. Bxb5 Rxe5 18. Bxd7 Bxd7 19. Rxd7 Rxe4 20. Re1 Rxe1+ 21. Nxe1 Re8 22. Nd3 Re2 23. g3 Ne5 24. Rd8+ Kh7 25. Re8 f6 26. Bf4 Rg2 27. Nc5 Nf7 28. Re7 g5 29. Rxf7 gxf4 30. gxf4 Kg6 31. Rxa7 Bh6 32. Nd3 Rg4 33. b4 Rxh4 34. b5 Bxf4 35. Nxf4+ Rxf4 36. b6 Rf5 37. a4 Rf4 38. c3 Rf1+ 39. Kb2 Rf2+ 40. Ka3 Rf1 41. Ra5 1-0

[Event "Pozarevac Rudar 8th"]
[Site "Pozarevac"]
[Date "2022.12.22"]
[Round "3"]
[White "Mihailova, Alina"]
[Black "Zlatanovic, Boroljub"]
[Result "0-1"]
[WhiteElo "2003"]
[BlackElo "2318"]
[PlyCount "76"]
[EventDate "2022.12.20"]
[EventType "tourn"]
[EventRounds "9"]
[EventCountry "SRB"]
[SourceTitle "CBM 212 Extra"]
[Source "ChessBase"]
[SourceDate "2023.03.31"]
[SourceVersion "1"]
[SourceVersionDate "2023.03.31"]
[SourceQuality "1"]

1. d4 g6 2. c4 Bg7 3. Nc3 d6 4. e4 e5 5. Nf3 Bg4 6. d5 Nd7 7. Be2 Bxf3 8. Bxf3 h5 9. 0-0 Bh6 10. Bxh6 Nxh6 11. b4 f5 12. exf5 Nxf5 13. Ne4 Nd4 14. Qd3 0-0 15. Bd1 Qe7 16. Rc1 a5 17. a3 axb4 18. axb4 Kg7 19. c5 Nf6 20. cxd6 cxd6 21. Nxf6 Rxf6 22. b5 Qd8 23. Qc4 Rf7 24. Be2 Qb6 25. Bd3 Raf8 26. Qa2 Rf4 27. Qb1 e4 28. Bc4 Rxf2 29. Kh1 e3 30. Qe4 Nf5 31. Bd3 Qd4 32. Rc7+ Kh6 33. Qxd4 Rxf1+ 34. Bxf1 Nxd4 35. Bd3 Rf2 36. Kg1 Rd2 37. Bc4 Rd1+ 38. Bf1 Ne2+ 0-1

[Event "Belgrade Vucicevic Memorial"]
[Site "Belgrade"]
[Date "2022.11.11"]
[Round "10"]
[White "Ivanisevic, Ivan"]
[Black "Zlatanovic, Boroljub"]
[Result "1-0"]
[WhiteElo "2533"]
[BlackElo "2318"]
[PlyCount "29"]
[EventDate "2022.11.11"]
[EventType "swiss (blitz)"]
[EventRounds "13"]
[EventCountry "SRB"]
[SourceTitle "EXT 2024"]
[Source "ChessBase"]
[SourceDate "2023.10.10"]
[SourceVersion "1"]
[SourceVersionDate "2023.10.10"]
[SourceQuality "1"]

1. Nf3 Nf6 2. g3 g6 3. b3 Bg7 4. Bb2 0-0 5. Bg2 d6 6. d4 e5 7. dxe5 Nfd7 8. Nc3 Nxe5 9. Nxe5 dxe5 10. Qxd8 Rxd8 11. Nd5 Na6 12. Ne7+ Kf8 13. Nxc8 Raxc8 14. Bxb7 Nb4 15. Ba3 1-0

[Event "Belgrade Vucicevic Memorial"]
[Site "Belgrade"]
[Date "2022.11.11"]
[Round "9"]
[White "Zlatanovic, Boroljub"]
[Black "Djordjevic, Vuk D"]
[Result "0-1"]
[WhiteElo "2318"]
[BlackElo "2394"]
[PlyCount "110"]
[EventDate "2022.11.11"]
[EventType "swiss (blitz)"]
[EventRounds "13"]
[EventCountry "SRB"]
[SourceTitle "EXT 2024"]
[Source "ChessBase"]
[SourceDate "2023.10.10"]
[SourceVersion "1"]
[SourceVersionDate "2023.10.10"]
[SourceQuality "1"]

1. e4 e6 2. d4 d5 3. exd5 exd5 4. Bd3 Bd6 5. Ne2 Nc6 6. c3 Nge7 7. 0-0 Bf5 8. Bf4 0-0 9. Re1 Re8 10. Bxd6 Qxd6 11. Na3 Bxd3 12. Qxd3 Ng6 13. Qg3 Qd7 14. Nf4 Nce7 15. Nxg6 hxg6 16. Nc2 Nf5 17. Qd3 Nd6 18. Ne3 c6 19. f3 Re7 20. Ng4 Rae8 21. Kf2 Nc4 22. b3 Nd6 23. Rxe7 Qxe7 24. Qd2 Qh4+ 25. g3 Ne4+ 26. fxe4 Qxg4 27. exd5 Qh5 28. h4 Qf5+ 29. Kg1 Qf3 30. Qf2 Qxc3 31. Rf1 f6 32. d6 Qb4 33. Qf4 Rd8 34. Qe4 Qxd6 35. Qxg6 Qxd4+ 36. Kg2 Qd5+ 37. Kh2 Qe6 38. Rf2 Rd6 39. h5 Qf7 40. Qg4 Rd5 41. Rf5 Qd7 42. Rf4 Qxg4 43. Rxg4 Rd2+ 44. Kh3 Rxa2 45. h6 g5 46. Rd4 Kh7 47. Rd7+ Kxh6 48. Rxb7 Ra6 49. Kg4 Kg6 50. Kf3 Rb6 51. Rxa7 Rxb3+ 52. Kg4 f5+ 53. Kh3 f4 54. Rc7 Rxg3+ 55. Kh2 Rc3 0-1

[Event "Belgrade Vucicevic Memorial"]
[Site "Belgrade"]
[Date "2022.11.11"]
[Round "13"]
[White "Zlatanovic, Boroljub"]
[Black "Nenezic, Marko"]
[Result "0-1"]
[WhiteElo "2318"]
[BlackElo "2510"]
[PlyCount "60"]
[EventDate "2022.11.11"]
[EventType "swiss (blitz)"]
[EventRounds "13"]
[EventCountry "SRB"]
[SourceTitle "EXT 2024"]
[Source "ChessBase"]
[SourceDate "2023.10.10"]
[SourceVersion "1"]
[SourceVersionDate "2023.10.10"]
[SourceQuality "1"]

1. c4 g6 2. Nc3 Bg7 3. g3 d6 4. Bg2 e5 5. d3 f5 6. Nf3 Nc6 7. Nd5 Nf6 8. 0-0 h6 9. e4 fxe4 10. dxe4 g5 11. b4 Bg4 12. h3 Bh5 13. b5 Nd4 14. Qd3 Ne6 15. Be3 Nd7 16. h4 0-0 17. hxg5 Rxf3 18. gxh6 Bf8 19. Bxf3 Bxf3 20. Bd2 Nd4 21. Bc3 Qg5 22. Bxd4 Qh5 23. Qxf3 Qxf3 24. Be3 Rc8 25. Rae1 Kh7 26. Bxa7 b6 27. Re3 Qf7 28. f4 Bxh6 29. Ref3 Qg6 30. f5 Qg4 0-1

[Event "SRB-chT Premier"]
[Site "Vrnjacka Banja"]
[Date "2022.09.25"]
[Round "6.2"]
[White "Toth, Aleksandar"]
[Black "Zlatanovic, Boroljub"]
[Result "1/2-1/2"]
[WhiteElo "2320"]
[BlackElo "2313"]
[PlyCount "64"]
[EventDate "2022.09.20"]
[EventType "team-tourn"]
[EventRounds "11"]
[EventCountry "SRB"]
[SourceTitle "CBM 210 Extra"]
[Source "ChessBase"]
[SourceDate "2022.11.30"]
[SourceVersion "1"]
[SourceVersionDate "2022.11.30"]
[SourceQuality "1"]
[WhiteTeam "Goracici Jelica"]
[BlackTeam "Opovo Bata Cosic"]
[WhiteTeamCountry "SRB"]
[BlackTeamCountry "SRB"]

1. Nf3 Nf6 2. g3 g6 3. Bg2 Bg7 4. 0-0 0-0 5. d4 d6 6. a4 Nbd7 7. a5 a6 8. Nc3 c6 9. e4 e5 10. Re1 Re8 11. h3 exd4 12. Nxd4 d5 13. exd5 Rxe1+ 14. Qxe1 Nxd5 15. Nxd5 cxd5 16. Be3 Ne5 17. b3 Nc6 18. Qd2 Bf5 19. Ra4 Bd7 20. Ra2 Qe7 21. Kh2 Re8 22. c3 Qd6 23. Nxc6 Bxc6 24. Bd4 Bxd4 25. Qxd4 Re1 26. Rd2 Qa3 27. Bxd5 Qc1 28. Bxc6 bxc6 29. Qd8+ Kg7 30. Qd4+ Kg8 31. Qd8+ Kg7 32. Qd4+ Kg8 1/2-1/2

[Event "SRB-chT Premier"]
[Site "Vrnjacka Banja"]
[Date "2022.09.23"]
[Round "4.3"]
[White "Radojicic, Aleksandar M"]
[Black "Zlatanovic, Boroljub"]
[Result "0-1"]
[WhiteElo "2192"]
[BlackElo "2313"]
[PlyCount "52"]
[EventDate "2022.09.20"]
[EventType "team-tourn"]
[EventRounds "11"]
[EventCountry "SRB"]
[SourceTitle "CBM 210 Extra"]
[Source "ChessBase"]
[SourceDate "2022.11.30"]
[SourceVersion "1"]
[SourceVersionDate "2022.11.30"]
[SourceQuality "1"]
[WhiteTeam "Grocka Vinogradi"]
[BlackTeam "Opovo Bata Cosic"]
[WhiteTeamCountry "SRB"]
[BlackTeamCountry "SRB"]

1. d4 Nf6 2. Nc3 g6 3. e4 d6 4. Nf3 Bg7 5. Be2 0-0 6. 0-0 c6 7. a4 Bg4 8. h3 Bxf3 9. Bxf3 d5 10. e5 Ne8 11. Re1 f6 12. e6 f5 13. h4 Nf6 14. Ne2 Na6 15. h5 Nc7 16. hxg6 Nxe6 17. Ng3 Ne4 18. Bxe4 dxe4 19. gxh7+ Kh8 20. c3 Qe8 21. Nh5 Qg6 22. Nxg7 Kxg7 23. b3 f4 24. Qe2 f3 25. Qf1 Rh8 26. g3 Qxh7 0-1

[Event "Titled Tuesday intern op 06th Sep Late"]
[Site "Chess.com INT"]
[Date "2022.09.06"]
[Round "1"]
[White "Bulgurlu, Okan"]
[Black "Zlatanovic, Boroljub"]
[Result "1/2-1/2"]
[WhiteElo "1980"]
[BlackElo "2313"]
[PlyCount "110"]
[EventDate "2022.09.06"]
[EventType "swiss (blitz)"]
[EventRounds "11"]
[EventCountry "USA"]
[SourceTitle "EXT 2023"]
[Source "ChessBase"]
[SourceDate "2022.10.05"]
[SourceVersion "1"]
[SourceVersionDate "2022.10.05"]
[SourceQuality "1"]

1. d4 d6 2. Nc3 g6 3. g3 Bg7 4. Bg2 Nf6 5. e3 0-0 6. Nge2 e5 7. dxe5 dxe5 8. Qxd8 Rxd8 9. 0-0 c6 10. e4 Na6 11. a3 Nc5 12. Be3 Ne6 13. Rad1 b6 14. Rxd8+ Nxd8 15. Rd1 Ba6 16. Nc1 Nb7 17. Nd3 Ng4 18. Bc1 Bxd3 19. Rxd3 Rd8 20. Bf1 Bh6 21. Bxh6 Nxh6 22. f3 Kf8 23. Kf2 Ke7 24. Ke3 Ng8 25. Rxd8 Nxd8 26. Bc4 Nf6 27. h3 Nh5 28. Ne2 Nf6 29. f4 Nd7 30. b4 Nb7 31. Bb3 Nd6 32. fxe5 Nxe5 33. Nd4 a6 34. Kf4 f6 35. g4 Nb5 36. Nxb5 axb5 37. g5 Nd7 38. Bg8 fxg5+ 39. Kxg5 Nf6 40. Bxh7 Nxh7+ 41. Kxg6 Nf6 42. e5 Nd7 43. Kf5 Nf8 44. h4 Ne6 45. h5 Ng7+ 46. Kg6 Nxh5 47. Kxh5 Ke6 48. Kg4 Kxe5 49. Kf3 Kd4 50. Kf4 Kc3 51. Ke5 Kxc2 52. Kd6 Kb3 53. Kxc6 Kxa3 54. Kxb5 Kb3 55. Kxb6 Kxb4 1/2-1/2

[Event "Titled Tuesday intern op 06th Sep Late"]
[Site "Chess.com INT"]
[Date "2022.09.06"]
[Round "8"]
[White "Jobava, Baadur"]
[Black "Zlatanovic, Boroljub"]
[Result "1-0"]
[WhiteElo "2578"]
[BlackElo "2313"]
[PlyCount "117"]
[EventDate "2022.09.06"]
[EventType "swiss (blitz)"]
[EventRounds "11"]
[EventCountry "USA"]
[SourceTitle "EXT 2023"]
[Source "ChessBase"]
[SourceDate "2022.10.05"]
[SourceVersion "1"]
[SourceVersionDate "2022.10.05"]
[SourceQuality "1"]

1. e4 e6 2. d4 d5 3. exd5 exd5 4. Nf3 Nc6 5. Bd3 Bd6 6. 0-0 Nge7 7. h3 Bf5 8. Re1 0-0 9. Nc3 Bb4 10. Bg5 f6 11. Bf4 Qd7 12. Bh2 Bxc3 13. bxc3 Rae8 14. Rb1 Bxd3 15. cxd3 b6 16. Qa4 Nc8 17. Bg3 Rxe1+ 18. Rxe1 Re8 19. Rxe8+ Qxe8 20. Bxc7 Qd7 21. Bf4 Ne5 22. Qxd7 Nxd7 23. Kf1 Kf7 24. Ke2 h5 25. Bc7 Ke6 26. Ne1 Ne7 27. Nc2 Nc6 28. Ne3 Nf8 29. f4 g6 30. Kf3 f5 31. Be5 b5 32. c4 bxc4 33. dxc4 Ne7 34. c5 Nc6 35. Nc2 Nd7 36. Ke3 Na5 37. Kd3 Nc6 38. Kc3 g5 39. fxg5 Ndxe5 40. dxe5 Kxe5 41. h4 d4+ 42. Kc4 Ke4 43. Kb5 d3 44. Na3 Nd4+ 45. Kc4 Ke3 46. Kd5 Nc2 47. Nc4+ Ke2 48. Nb2 d2 49. c6 Nb4+ 50. Kd6 Nd3 51. Na4 Ke1 52. Nc3 Nf2 53. c7 Ne4+ 54. Ke5 Nxc3 55. c8Q d1Q 56. Qxc3+ Ke2 57. Qf3+ Ke1 58. Qxd1+ Kxd1 59. g6 1-0

[Event "Titled Tuesday intern op 06th Sep Late"]
[Site "Chess.com INT"]
[Date "2022.09.06"]
[Round "3"]
[White "Kaganskiy, Gleb"]
[Black "Zlatanovic, Boroljub"]
[Result "1/2-1/2"]
[WhiteElo "2225"]
[BlackElo "2313"]
[PlyCount "112"]
[EventDate "2022.09.06"]
[EventType "swiss (blitz)"]
[EventRounds "11"]
[EventCountry "USA"]
[SourceTitle "EXT 2023"]
[Source "ChessBase"]
[SourceDate "2022.10.05"]
[SourceVersion "1"]
[SourceVersionDate "2022.10.05"]
[SourceQuality "1"]

1. e4 e6 2. d4 d5 3. Nd2 Nc6 4. Ngf3 Nf6 5. e5 Nd7 6. Bd3 Nb4 7. Be2 c5 8. c3 Nc6 9. 0-0 cxd4 10. cxd4 f6 11. exf6 Nxf6 12. b3 Bd6 13. Bb2 0-0 14. Re1 Bd7 15. h3 Be8 16. Bd3 Bf7 17. Ng5 Qd7 18. a3 Rae8 19. Qc2 h6 20. Nxf7 Rxf7 21. Bg6 Ref8 22. Bxf7+ Rxf7 23. Nf3 Ne4 24. Rxe4 dxe4 25. Qxe4 Rf4 26. Qg6 Qf7 27. Qxf7+ Kxf7 28. Rd1 Rf5 29. Nd2 Rd5 30. Nc4 Bc7 31. Ne3 Rd7 32. d5 exd5 33. Rxd5 Rxd5 34. Nxd5 Bd6 35. g4 Na5 36. b4 Nc4 37. Bc1 Ke6 38. Ne3 Nxe3 39. Bxe3 a5 40. bxa5 Bxa3 41. Kg2 Bb4 42. Bb6 Kd5 43. f4 Ke4 44. f5 Be1 45. Bd8 h5 46. Kf1 Bc3 47. Kg2 Be1 48. f6 gxf6 49. Bxf6 hxg4 50. hxg4 Bxa5 51. g5 Kf5 52. Kf3 b5 53. Ke3 b4 54. Kd3 b3 55. Kc4 b2 56. Bxb2 Kxg5 1/2-1/2

[Event "SRB-ch Blitz"]
[Site "Paracin"]
[Date "2022.06.05"]
[Round "4"]
[White "Djordjevic, Vuk D"]
[Black "Zlatanovic, Boroljub"]
[Result "0-1"]
[WhiteElo "2382"]
[BlackElo "2346"]
[PlyCount "93"]
[EventDate "2022.06.05"]
[EventType "swiss (blitz)"]
[EventRounds "13"]
[EventCountry "SRB"]
[SourceTitle "CBM 208 Extra"]
[Source "ChessBase"]
[SourceDate "2022.07.31"]
[SourceVersion "1"]
[SourceVersionDate "2022.07.31"]
[SourceQuality "1"]

1. d4 g6 2. Nf3 Bg7 3. Bg5 d6 4. e3 f6 5. Bh4 Nh6 6. c4 e5 7. dxe5 dxe5 8. Qxd8+ Kxd8 9. e4 Be6 10. Nc3 c6 11. 0-0-0+ Ke7 12. Nd2 Na6 13. f3 Nf7 14. a3 Bh6 15. Kc2 Be3 16. b4 Rhd8 17. Be2 Nc7 18. Nb3 b6 19. Rxd8 Rxd8 20. a4 Nd6 21. b5 Nxc4 22. bxc6 Rd6 23. Re1 Bd2 24. Nxd2 Rxd2+ 25. Kc1 Rd6 26. Bxc4 Bxc4 27. Bf2 Rxc6 28. Kb2 Rd6 29. Be3 Rd3 30. Bc1 Na6 31. Rd1 Rxd1 32. Nxd1 Nc5 33. Ka3 Bb3 34. Nc3 Bc4 35. Nd1 a5 36. Be3 Kd6 37. Bf2 Kc6 38. Ne3 Be6 39. Bh4 g5 40. Be1 Nd3 41. Bd2 Nf4 42. Be1 Ne2 43. h4 h6 44. h5 Nf4 45. g4 Ne2 46. Nf1 Nd4 47. Ne3 0-1

[Event "SRB-ch sf"]
[Site "Paracin"]
[Date "2022.03.19"]
[Round "4"]
[White "Zlatanovic, Boroljub"]
[Black "Stanojevic, Ilija"]
[Result "0-1"]
[WhiteElo "2344"]
[BlackElo "2155"]
[PlyCount "50"]
[EventDate "2022.03.17"]
[EventType "swiss"]
[EventRounds "9"]
[EventCountry "SRB"]
[SourceTitle "CBM 207 Extra"]
[Source "ChessBase"]
[SourceDate "2022.05.31"]
[SourceVersion "1"]
[SourceVersionDate "2022.05.31"]
[SourceQuality "1"]

1. e4 e5 2. Nf3 Nc6 3. Bc4 Bc5 4. d3 Nf6 5. 0-0 0-0 6. c3 a5 7. d4 Bd6 8. Re1 h6 9. Nbd2 Re8 10. a4 exd4 11. Qb3 Re7 12. Nh4 dxc3 13. bxc3 Bc5 14. Nf5 Ng4 15. Re2 Nce5 16. Nxe7+ Qxe7 17. Ba3 Qh4 18. h3 Bxf2+ 19. Kh1 d5 20. Bxd5 Ne3 21. Nf1 Bxh3 22. Rxe3 Bg4+ 23. Rh3 Bxh3 24. gxh3 Qxh3+ 25. Nh2 Nf3 0-1

[Event "SRB-ch sf"]
[Site "Paracin"]
[Date "2022.03.18"]
[Round "3"]
[White "Ratkovic, Milovan"]
[Black "Zlatanovic, Boroljub"]
[Result "1-0"]
[WhiteElo "2445"]
[BlackElo "2344"]
[PlyCount "67"]
[EventDate "2022.03.17"]
[EventType "swiss"]
[EventRounds "9"]
[EventCountry "SRB"]
[SourceTitle "CBM 207 Extra"]
[Source "ChessBase"]
[SourceDate "2022.05.31"]
[SourceVersion "1"]
[SourceVersionDate "2022.05.31"]
[SourceQuality "1"]

1. d4 g6 2. e4 Bg7 3. Nc3 d6 4. Be3 c6 5. f4 d5 6. e5 h5 7. Nf3 Nh6 8. h3 Nf5 9. Bf2 h4 10. Bd3 e6 11. 0-0 Bf8 12. Ne2 Na6 13. a3 Nc7 14. b3 Be7 15. c4 b6 16. Qc2 Bb7 17. Rfd1 Rc8 18. c5 b5 19. b4 Kf8 20. Kh2 Ne8 21. a4 a6 22. Ra3 Neg7 23. Rda1 Kg8 24. Qd2 f6 25. axb5 axb5 26. Ra7 Ra8 27. Rxa8 Bxa8 28. Ra7 Kh7 29. Nxh4 fxe5 30. Nxf5 exf5 31. dxe5 Re8 32. Nd4 Qb8 33. Ra1 Bb7 34. g4 1-0

[Event "Arandjelovac ASK-10 GM"]
[Site "Arandjelovac"]
[Date "2022.03.05"]
[Round "8"]
[White "Zlatanovic, Boroljub"]
[Black "Mahitosh, Dey"]
[Result "1/2-1/2"]
[WhiteElo "2338"]
[BlackElo "2176"]
[PlyCount "131"]
[EventDate "2022.02.28"]
[EventType "tourn"]
[EventRounds "9"]
[EventCountry "SRB"]
[EventCategory "6"]
[SourceTitle "CBM 207 Extra"]
[Source "ChessBase"]
[SourceDate "2022.05.31"]
[SourceVersion "1"]
[SourceVersionDate "2022.05.31"]
[SourceQuality "1"]

1. Nc3 Nc6 2. e4 e5 3. Bc4 Bc5 4. Qg4 g6 5. Qf3 Nf6 6. Nge2 d6 7. h3 h6 8. d3 Be6 9. a3 Qe7 10. Be3 0-0-0 11. 0-0-0 Kb8 12. Kb1 Nd4 13. Bxd4 Bxd4 14. Bxe6 fxe6 15. Nxd4 exd4 16. Ne2 e5 17. Qg3 Rhg8 18. f4 Nh5 19. Qg4 Nxf4 20. Nxf4 exf4 21. Qxf4 g5 22. Qd2 Rgf8 23. Rdf1 d5 24. Rxf8 Rxf8 25. exd5 Qc5 26. Re1 Qxd5 27. Qf2 Qd8 28. Qe2 b6 29. Qe4 Qd6 30. Qg4 Qf4 31. Qe6 Qf6 32. Qd7 Rd8 33. Qh7 Rh8 34. Qe4 Rf8 35. b4 Qd6 36. Qe6 Rd8 37. Kb2 Kb7 38. Kb3 b5 39. Re5 Qc6 40. Qxc6+ Kxc6 41. Rc5+ Kb6 42. a4 a6 43. a5+ Kb7 44. Rf5 Rd6 45. g3 Re6 46. h4 Rg6 47. h5 Re6 48. Rd5 Rd6 49. Re5 Rf6 50. Re4 Rf3 51. g4 Rf4 52. c4 dxc3 53. Rxf4 gxf4 54. Kxc3 c5 55. g5 cxb4+ 56. Kd2 b3 57. gxh6 b2 58. Kc2 f3 59. h7 f2 60. h8Q b1Q+ 61. Kxb1 f1Q+ 62. Ka2 Qe2+ 63. Qb2 Qxh5 64. Qg7+ Kc8 65. Qf8+ Kd7 66. Qg7+ 1/2-1/2

[Event "Arandjelovac ASK-10 GM"]
[Site "Arandjelovac"]
[Date "2022.03.03"]
[Round "5"]
[White "Koelle, Tobias"]
[Black "Zlatanovic, Boroljub"]
[Result "1-0"]
[WhiteElo "2378"]
[BlackElo "2338"]
[PlyCount "89"]
[EventDate "2022.02.28"]
[EventType "tourn"]
[EventRounds "9"]
[EventCountry "SRB"]
[EventCategory "6"]
[SourceTitle "CBM 207 Extra"]
[Source "ChessBase"]
[SourceDate "2022.05.31"]
[SourceVersion "1"]
[SourceVersionDate "2022.05.31"]
[SourceQuality "1"]

1. d4 c5 2. d5 e5 3. e4 d6 4. Bb5+ Nd7 5. a4 Be7 6. Nf3 a6 7. Bd3 b6 8. Nc3 Nf8 9. Rb1 Bg4 10. h3 Bxf3 11. Qxf3 Bg5 12. Bxg5 Qxg5 13. g3 Qd8 14. Nd1 Ne7 15. Ne3 Nd7 16. Qe2 a5 17. Bb5 0-0 18. Nc4 Nc8 19. 0-0 Ra7 20. c3 Qg5 21. Kh2 Nf6 22. f4 exf4 23. gxf4 Qg6 24. Nd2 Re7 25. Rg1 Qh6 26. Qf3 Nh5 27. Rg5 g6 28. Rbg1 Kh8 29. Ba6 Na7 30. Bd3 Nc8 31. Ba6 Na7 32. Bd3 Nc8 33. Nc4 f6 34. R5g4 Ng7 35. Qf2 Ne8 36. Ne3 Ra7 37. Nf5 gxf5 38. Rh4 Qg7 39. Rxg7 Nxg7 40. Rh6 fxe4 41. Bxe4 f5 42. Bd3 Ne8 43. Qe2 Raf7 44. Ba6 Ne7 45. Re6 1-0

[Event "Arandjelovac ASK-10 GM"]
[Site "Arandjelovac"]
[Date "2022.02.28"]
[Round "1"]
[White "Murphy, Conor"]
[Black "Zlatanovic, Boroljub"]
[Result "1-0"]
[WhiteElo "2429"]
[BlackElo "2338"]
[PlyCount "71"]
[EventDate "2022.02.28"]
[EventType "tourn"]
[EventRounds "9"]
[EventCountry "SRB"]
[EventCategory "6"]
[SourceTitle "CBM 207 Extra"]
[Source "ChessBase"]
[SourceDate "2022.05.31"]
[SourceVersion "1"]
[SourceVersionDate "2022.05.31"]
[SourceQuality "1"]

1. e4 e6 2. d4 d5 3. Nd2 Nc6 4. Ngf3 Nf6 5. e5 Nd7 6. Nb3 Be7 7. Bf4 a5 8. a4 b6 9. Bb5 Ncb8 10. h4 h6 11. Rh3 Ba6 12. Rg3 Bf8 13. h5 c6 14. Be2 Bxe2 15. Qxe2 Na6 16. Kf1 Nc7 17. Kg1 Qc8 18. Nfd2 Qa6 19. c4 0-0-0 20. Rc1 Kb7 21. Qf3 Nb8 22. Be3 Rd7 23. Rg4 dxc4 24. Nxc4 Nd5 25. Nbd2 f6 26. exf6 gxf6 27. Rg6 b5 28. Na3 Bxa3 29. bxa3 Re7 30. Rxf6 b4 31. Rf7 Rh7 32. Rxe7+ Rxe7 33. Ne4 Nd7 34. Bxh6 bxa3 35. Bf8 Rh7 36. Bxa3 1-0

[Event "Arandjelovac ASK-5 IM"]
[Site "Arandjelovac"]
[Date "2022.02.17"]
[Round "5.5"]
[White "Nikolovski, Nikola"]
[Black "Zlatanovic, Boroljub"]
[Result "1/2-1/2"]
[WhiteElo "2402"]
[BlackElo "2338"]
[PlyCount "28"]
[EventDate "2022.02.14"]
[EventType "swiss"]
[EventRounds "9"]
[EventCountry "SRB"]
[SourceTitle "CBM 206 Extra"]
[Source "ChessBase"]
[SourceDate "2022.03.31"]
[SourceVersion "1"]
[SourceVersionDate "2022.03.31"]
[SourceQuality "1"]

1. Nf3 c5 2. g3 Nf6 3. Bg2 g6 4. 0-0 Bg7 5. c4 0-0 6. Nc3 Nc6 7. a3 d6 8. Rb1 a6 9. d3 Rb8 10. b4 cxb4 11. axb4 b5 12. cxb5 axb5 13. Bd2 Bd7 14. Qc1 Rc8 1/2-1/2